00368nam a2200133 a 45000010010000000030011000100080041000210350026000620820014000881000021001022450039001232600053001626500019002150000-8529ELIB.Books110520 1970  a(ELIB.Books)0000-8674 a279 bWin aWinter, Ralph D. aThe Twenty five Unbelievable Years bSouth Pasadena: The William carey Library c1970 aChurch History